A VHDL Primer (Record no. 3650)

000 -LEADER
fixed length control field 00342nam a2200145Ia 4500
008 - FIXED-LENGTH DATA ELEMENTS--GENERAL INFORMATION
fixed length control field 190115s9999||||xx |||||||||||||| ||und||
020 ## - INTERNATIONAL STANDARD BOOK NUMBER
International Standard Book Number 9788177582000
082 ## - DEWEY DECIMAL CLASSIFICATION NUMBER
Classification number 004
Item number BHA/A
100 ## - MAIN ENTRY--PERSONAL NAME
Personal name Bhasker, J.
245 #2 - TITLE STATEMENT
Title A VHDL Primer
250 ## - EDITION STATEMENT
Edition statement 6th Edition
260 ## - PUBLICATION, DISTRIBUTION, ETC.
Place of publication, distribution, etc. Delhi
Name of publisher, distributor, etc. Pearson Education, Inc
Date of publication, distribution, etc. 2007
300 ## - PHYSICAL DESCRIPTION
Extent 392p.
942 ## - ADDED ENTRY ELEMENTS (KOHA)
Koha item type Book
Holdings
Withdrawn status Lost status Damaged status Not for loan Collection code Permanent Location Current Location Date acquired Cost, normal purchase price Barcode Date last seen Price effective from Koha item type
        School of Data Science (Noida) MUIT-NOIDA MUIT-NOIDA 2019-01-15 300.00 DSC00122 2019-01-15 2019-01-15 Reference Book

All Rights Reserved@MUIT

Powered by Koha